|
|
|
|
| LEADER |
00000nam0a2200000 4500 |
| 001 |
169164 |
| 005 |
20231031163323.0 |
| 035 |
|
|
|a (RuTPU)RU\TPU\book\183503
|
| 090 |
|
|
|a 169164
|
| 100 |
|
|
|a 20091107d1983 m y0rusy50 ca
|
| 101 |
0 |
|
|a rus
|
| 102 |
|
|
|a RU
|
| 105 |
|
|
|a a z 001zy
|
| 200 |
1 |
|
|a Механические передачи вертолетов
|f Л. Б. Бушмарин [и др.]
|g под ред. В. Н. Кестьльмана
|
| 210 |
|
|
|a Москва
|c Машиностроение
|d 1983
|
| 215 |
|
|
|a 120 с.
|c ил.
|
| 320 |
|
|
|a Библиогр.: с. 117-119.
|
| 610 |
1 |
|
|a вертолеты
|
| 610 |
1 |
|
|a механические передачи
|
| 610 |
1 |
|
|a проектирование
|
| 610 |
1 |
|
|a классификация
|
| 610 |
1 |
|
|a работоспособность
|
| 610 |
1 |
|
|a конструкционные материалы
|
| 610 |
1 |
|
|a композиционные материалы
|
| 610 |
1 |
|
|a редукторы
|
| 610 |
1 |
|
|a зубчатые передачи
|
| 610 |
1 |
|
|a подшипники
|
| 610 |
1 |
|
|a тормозные устройства
|
| 610 |
1 |
|
|a трансмиссии
|
| 675 |
|
|
|a 629.735.4
|v 3
|
| 701 |
|
1 |
|a Бушмарин
|b Л. Б.
|
| 701 |
|
1 |
|a Дементьев
|b П. П.
|
| 701 |
|
1 |
|a Иоффе
|b Г. И.
|
| 701 |
|
1 |
|a Кестельман
|b В. Н.
|
| 702 |
|
1 |
|a Кестьльман
|b В. Н.
|4 340
|
| 801 |
|
1 |
|a RU
|b 63413507
|c 20091107
|
| 801 |
|
2 |
|a RU
|b 63413507
|c 20100204
|g RCR
|
| 942 |
|
|
|c BK
|